[Event "Reykjavik op"]
[Site "Reykjavik"]
[Date "2023.04.01"]
[Round "5"]
[White "Camus de Solliers, Guillaume"]
[Black "Harish, Neeraj"]
[Result "1/2-1/2"]
[WhiteElo "2325"]
[BlackElo "2127"]
[PlyCount "47"]
[EventDate "2023.03.29"]
[EventType "swiss"]
[EventRounds "9"]
[EventCountry "ISL"]
[SourceTitle "CBM 213 Extra"]
[Source "ChessBase"]
[SourceDate "2023.05.31"]
[SourceVersion "1"]
[SourceVersionDate "2023.05.31"]
[SourceQuality "1"]

1. d4 Nf6 2. c4 g6 3. Nc3 d5 4. cxd5 Nxd5 5. e4 Nxc3 6. bxc3 Bg7 7. Nf3 c5 8. Rb1 0-0 9. Be2 Bg4 10. 0-0 cxd4 11. cxd4 Bxf3 12. Bxf3 Bxd4 13. Rxb7 Nc6 14. Bh6 Bg7 15. Bxg7 Kxg7 16. Qxd8 Rfxd8 17. Rc1 Rac8 18. Bg4 Rb8 19. Rxb8 Rxb8 20. h3 Ne5 21. Rc7 Nxg4 22. hxg4 Rb1+ 23. Kh2 Rb2 24. Kg3 1/2-1/2

[Event "BCF-chT1b 1415 (4NCL)"]
[Site "England"]
[Date "2014.11.16"]
[Round "2.172"]
[White "Lyell, Mark"]
[Black "Camus de Solliers, Guillaume"]
[Result "1/2-1/2"]
[WhiteElo "2294"]
[BlackElo "2364"]
[PlyCount "62"]
[EventDate "2014.11.15"]
[EventType "team-swiss"]
[EventRounds "11"]
[EventCountry "ENG"]
[SourceTitle "EXT 2015"]
[Source "ChessBase"]
[SourceDate "2014.11.20"]
[SourceVersion "1"]
[SourceVersionDate "2014.11.20"]
[SourceQuality "1"]
[WhiteTeam "Hackney"]
[BlackTeam "Cambridge"]
[WhiteTeamCountry "ENG"]
[BlackTeamCountry "ENG"]

1. e4 c5 2. Nc3 e6 3. Nge2 Nc6 4. g3 d6 5. Bg2 Nf6 6. 0-0 Be7 7. d3 0-0 8. h3 Rb8 9. f4 d5 10. Kh1 b5 11. a3 b4 12. axb4 cxb4 13. Nb1 dxe4 14. dxe4 Qb6 15. Qd3 Rd8 16. Be3 Bc5 17. Bxc5 Qxc5 18. Qb3 a5 19. e5 Ba6 20. exf6 Bxe2 21. Rc1 gxf6 22. g4 Rd4 23. Kh2 Rxf4 24. Qg3 e5 25. Nd2 Nd4 26. Nb3 Nxb3 27. cxb3 Qd4 28. Rc2 Bd1 29. Rcc1 Be2 30. Rc2 Bd1 31. Rcc1 Be2 1/2-1/2

[Event "FRA-chT Top 12"]
[Site "Saint Quentin"]
[Date "2014.05.28"]
[Round "5.6"]
[White "Lagarde, Maxime"]
[Black "Camus de Solliers, Guillaume"]
[Result "1-0"]
[WhiteElo "2510"]
[BlackElo "2351"]
[PlyCount "103"]
[EventDate "2014.05.24"]
[EventType "team-tourn"]
[EventRounds "11"]
[EventCountry "FRA"]
[SourceTitle "CBM 160 Extra"]
[Source "ChessBase"]
[SourceDate "2014.07.01"]
[SourceVersion "1"]
[SourceVersionDate "2014.07.01"]
[SourceQuality "1"]
[WhiteTeam "Clichy Echecs 92"]
[BlackTeam "Rueil Malmaison"]
[WhiteTeamCountry "FRA"]
[BlackTeamCountry "FRA"]

1. c4 e5 2. Nc3 Nc6 3. g3 g6 4. Bg2 Bg7 5. d3 d6 6. e3 Be6 7. Nge2 Qd7 8. Nd5 Nd8 9. h3 c6 10. e4 f5 11. exf5 Bxf5 12. Ne3 Be6 13. d4 exd4 14. Nxd4 Nf6 15. b3 d5 16. Bb2 Bf7 17. Nf3 0-0 18. Ne5 Qe7 19. 0-0 Ne4 20. cxd5 Bxe5 21. Bxe5 Qxe5 22. Ng4 Qxd5 23. Bxe4 Qxd1 24. Raxd1 Ne6 25. f4 Nc5 26. Bc2 Bd5 27. b4 Nd7 28. Ne3 Be6 29. f5 gxf5 30. Rd6 Rae8 31. Rxe6 Rxe6 32. Bb3 Rff6 33. Nxf5 Kf7 34. Re1 Nf8 35. Nd4 Ke7 36. Nxe6 Nxe6 37. h4 Kd6 38. Re4 Nc7 39. Rg4 Ne6 40. Kg2 b6 41. Rg8 a5 42. bxa5 bxa5 43. Ra8 Kc5 44. Rxa5+ Kd4 45. Ra4+ Kd3 46. Rc4 Nd4 47. Rc5 Rf5 48. Rxf5 Nxf5 49. Bg8 Ne3+ 50. Kf3 h6 51. a4 Kd4 52. a5 1-0

[Event "BCF-chT1d 1314 (4NCL) Demotion pool"]
[Site "England"]
[Date "2014.05.04"]
[Round "10.153"]
[White "Camus de Solliers, Guillaume"]
[Black "Guthrie, David"]
[Result "1-0"]
[WhiteElo "2351"]
[BlackElo "2194"]
[PlyCount "89"]
[EventDate "2013.11.16"]
[EventType "team-tourn"]
[EventRounds "4"]
[EventCountry "ENG"]
[SourceTitle "EXT 2015"]
[Source "ChessBase"]
[SourceDate "2014.11.20"]
[SourceVersion "1"]
[SourceVersionDate "2014.11.20"]
[SourceQuality "1"]
[WhiteTeam "Cambridge"]
[BlackTeam "Kings Head"]
[WhiteTeamCountry "ENG"]
[BlackTeamCountry "ENG"]

1. d4 Nf6 2. c4 e6 3. Nf3 b6 4. g3 Bb7 5. Bg2 Be7 6. 0-0 0-0 7. d5 exd5 8. Nh4 c6 9. cxd5 Nxd5 10. Nf5 Na6 11. e4 Ndc7 12. Re1 Ne6 13. Nc3 d6 14. Qg4 g6 15. Bh6 Re8 16. Rad1 Kh8 17. Nxd6 Bxd6 18. e5 Be7 19. Rxd8 Raxd8 20. Ne4 Nac5 21. Nd6 Bxd6 22. exd6 Rxd6 23. Qf4 Rd7 24. Qf6+ Kg8 25. Bh3 Rde7 26. b4 Nd7 27. Qb2 f6 28. Qb3 Kf7 29. f4 f5 30. Bg5 Nf6 31. Bg2 Rd7 32. Qb2 Ng8 33. Qh8 Kf8 34. Bh6+ Ke7 35. Qxh7+ Kd8 36. Qxg6 Rde7 37. Bg5 Nxg5 38. Qxg5 Kc7 39. Re5 Bc8 40. h4 Be6 41. g4 fxg4 42. f5 Bd5 43. Rxe7+ Nxe7 44. f6 Bxg2 45. f7 1-0

[Event "BCF-chT1b 1314 (4NCL)"]
[Site "England"]
[Date "2014.02.16"]
[Round "6.162"]
[White "Camus de Solliers, Guillaume"]
[Black "Palliser, Richard"]
[Result "1/2-1/2"]
[WhiteElo "2351"]
[BlackElo "2456"]
[PlyCount "109"]
[EventDate "2013.11.16"]
[EventType "team-tourn"]
[EventRounds "7"]
[EventCountry "ENG"]
[SourceTitle "EXT 2015"]
[Source "ChessBase"]
[SourceDate "2014.11.20"]
[SourceVersion "1"]
[SourceVersionDate "2014.11.20"]
[SourceQuality "1"]
[WhiteTeam "Cambridge"]
[BlackTeam "White Rose"]
[WhiteTeamCountry "ENG"]
[BlackTeamCountry "ENG"]

1. d4 Nf6 2. c4 e6 3. Nf3 c5 4. d5 d6 5. Nc3 exd5 6. cxd5 g6 7. g3 Bg7 8. Bg2 0-0 9. 0-0 Re8 10. Nd2 a6 11. a4 Nbd7 12. h3 Rb8 13. Nc4 Ne5 14. Na3 Nh5 15. e4 Bd7 16. a5 b5 17. axb6 Bb5 18. Naxb5 axb5 19. Nxb5 Qxb6 20. Na3 Qb3 21. Qxb3 Rxb3 22. g4 Nf6 23. Bf4 Nfd7 24. Rab1 Reb8 25. g5 Rxb2 26. Rxb2 Rxb2 27. Rb1 Rb4 28. Bd2 Rxb1+ 29. Nxb1 Nc4 30. Bc3 Na3 31. Nxa3 Bxc3 32. Nc4 Ne5 33. Nxd6 Bd2 34. Bf1 Bxg5 35. Kg2 Bf4 36. Nc4 Kf8 37. Nxe5 Bxe5 38. Bb5 Ke7 39. Kf3 Kf6 40. Bc4 Bd6 41. Ke3 Kg5 42. Bb5 Bf4+ 43. Kf3 Bd6 44. Ke3 f6 45. Ba6 Kh4 46. Bc8 Kg5 47. Ba6 Be5 48. Kf3 Kh4 49. Bc8 c4 50. Ke3 c3 51. Kd3 Kg5 52. Be6 Kf4 53. Bg8 h6 54. Bf7 f5 55. exf5 1/2-1/2

[Event "BCF-chT1b 1314 (4NCL)"]
[Site "England"]
[Date "2014.01.11"]
[Round "3.173"]
[White "Camus de Solliers, Guillaume"]
[Black "Batchelor, Peter"]
[Result "1-0"]
[WhiteElo "2351"]
[BlackElo "2129"]
[PlyCount "109"]
[EventDate "2013.11.16"]
[EventType "team-tourn"]
[EventRounds "7"]
[EventCountry "ENG"]
[SourceTitle "EXT 2015"]
[Source "ChessBase"]
[SourceDate "2014.11.20"]
[SourceVersion "1"]
[SourceVersionDate "2014.11.20"]
[SourceQuality "1"]
[WhiteTeam "Cambridge"]
[BlackTeam "Grantham Sharks II"]
[WhiteTeamCountry "ENG"]
[BlackTeamCountry "ENG"]

1. d4 d5 2. c4 e6 3. Nc3 Be7 4. Nf3 Nf6 5. Bf4 0-0 6. e3 c6 7. h3 Nbd7 8. Qc2 a6 9. Rd1 dxc4 10. Bxc4 Nd5 11. Bg3 b5 12. Nxd5 cxd5 13. Bd3 Bb4+ 14. Ke2 Nf6 15. Bh4 h6 16. Rc1 Bd7 17. Ne5 Rc8 18. Qb1 Qe7 19. g4 Bd6 20. g5 Bxe5 21. gxh6 Rxc1 22. Qxc1 Bd6 23. hxg7 Rc8 24. Qg1 e5 25. Qg5 e4 26. Bb1 Qe6 27. Qxf6 Qxf6 28. Bxf6 Re8 29. f3 Re6 30. fxe4 Rxf6 31. e5 Rh6 32. exd6 Kxg7 33. Kf3 Rxd6 34. Kf4 Rf6+ 35. Kg3 Kh6 36. Rc1 Rb6 37. Rc7 Be6 38. Kf4 Kh5 39. Bf5 Kh4 40. Bxe6 Rxe6 41. Rxf7 Kxh3 42. Rd7 Rc6 43. Ke5 Rc2 44. Ra7 Rxb2 45. Rxa6 Re2 46. Kxd5 Rxe3 47. Kc5 Kg4 48. Kxb5 Kf5 49. a4 Rc3 50. Rc6 Rb3+ 51. Kc4 Ra3 52. Kb4 Rd3 53. Rd6 Ke4 54. a5 Rd1 55. a6 1-0

[Event "FRA-chT Top 12"]
[Site "Haguenau"]
[Date "2013.06.02"]
[Round "4.6"]
[White "Camus de Solliers, Guillaume"]
[Black "Dourerassou, Jonathan"]
[Result "0-1"]
[WhiteElo "2346"]
[BlackElo "2464"]
[PlyCount "81"]
[EventDate "2013.05.30"]
[EventType "team-tourn"]
[EventRounds "11"]
[EventCountry "FRA"]
[SourceTitle "CBM 154 Extra"]
[Source "ChessBase"]
[SourceDate "2013.06.25"]
[SourceVersion "2"]
[SourceVersionDate "2013.06.25"]
[SourceQuality "1"]
[WhiteTeam "Rueil Malmaison"]
[BlackTeam "Chalons en Champagne"]
[WhiteTeamCountry "FRA"]
[BlackTeamCountry "FRA"]

1. d4 Nf6 2. Nf3 b5 3. g3 Bb7 4. Bg2 e6 5. 0-0 c5 6. c3 Be7 7. Nbd2 0-0 8. a4 b4 9. a5 Na6 10. Re1 Rc8 11. Qb3 Qc7 12. e4 bxc3 13. bxc3 cxd4 14. cxd4 Rb8 15. e5 Nd5 16. Ba3 Ba8 17. Qc4 Bxa3 18. Rxa3 Qxc4 19. Nxc4 Rfc8 20. Nd6 Rc7 21. Nd2 Rb4 22. Bf1 Nb8 23. Rb3 Nc6 24. Reb1 h6 25. N2e4 Rxb3 26. Rxb3 f5 27. Nc5 Nxd4 28. Rb8+ Kh7 29. Na6 Nf3+ 30. Kg2 Ne3+ 31. fxe3 Rc2+ 32. Be2 Rxe2+ 33. Kf1 Re1+ 34. Kf2 Bc6 35. Nb4 Be4 36. h4 Rb1 37. Nxe4 fxe4 38. Nc6 Ra1 39. Nxa7 Rxa5 40. Nb5 Ra2+ 41. Kf1 0-1

[Event "Gibraltar Masters 8th"]
[Site "Caleta"]
[Date "2010.02.03"]
[Round "9"]
[White "Camus de Solliers, Guillaume"]
[Black "Kvisla, Johannes Luangtep"]
[Result "1/2-1/2"]
[WhiteElo "2356"]
[BlackElo "2161"]
[PlyCount "181"]
[EventDate "2010.01.26"]
[EventType "swiss"]
[EventRounds "10"]
[EventCountry "GGB"]
[SourceTitle "CBM 134 Extra"]
[Source "ChessBase"]
[SourceDate "2010.03.03"]
[SourceVersion "1"]
[SourceVersionDate "2010.03.03"]
[SourceQuality "1"]

1. d4 d5 2. c4 c6 3. Nc3 Nf6 4. e3 e6 5. Nf3 Nbd7 6. Bd3 dxc4 7. Bxc4 b5 8. Bd3 Bd6 9. 0-0 0-0 10. Qc2 Bb7 11. a3 a6 12. e4 e5 13. Rd1 Qc7 14. h3 h6 15. a4 b4 16. dxe5 Nxe5 17. Nxe5 Bxe5 18. Ne2 Bd6 19. f4 Be7 20. e5 Nd7 21. Ng3 Nc5 22. Bc4 Bc8 23. Be3 Be6 24. Bxe6 Nxe6 25. Nf5 c5 26. Qe4 Rfe8 27. Rac1 Rac8 28. b3 Bf8 29. Nd6 Bxd6 30. Rxd6 a5 31. f5 Ng5 32. Qd5 Qe7 33. Bf4 Rc7 34. Rc4 Kh8 35. f6 Qf8 36. Bxg5 hxg5 37. Rxc5 Rxc5 38. Qxc5 gxf6 39. exf6 Re1+ 40. Kf2 Re6 41. Rc6 Rxf6+ 42. Kg3 Qxc5 43. Rxc5 Rd6 44. Rf5 f6 45. Rxa5 Kg7 46. Rf5 Kg6 47. Rf3 Rd2 48. h4 gxh4+ 49. Kxh4 Rd4+ 50. Kg3 Kg5 51. Kf2 Rd2+ 52. Ke3 Rxg2 53. Kd4 Rc2 54. Rf1 f5 55. Ra1 f4 56. a5 f3 57. a6 f2 58. a7 Rc8 59. Ke3 Rf8 60. Ke2 Kg4 61. Kf1 Ra8 62. Kxf2 Kf4 63. Ra4 Ke5 64. Ke3 Kd5 65. Ra5+ Kc6 66. Kd4 Kb6 67. Ra4 Rxa7 68. Rxb4+ Kc6 69. Rb8 Rh7 70. Rg8 Rh4+ 71. Kc3 Kb7 72. Rg6 Rf4 73. b4 Rh4 74. Kb3 Rf4 75. Ka4 Rf5 76. Rg4 Rf6 77. Ka5 Rh6 78. Rg7+ Kb8 79. Rf7 Rg6 80. b5 Rh6 81. Rf8+ Kb7 82. Rg8 Rf6 83. Rg5 Rh6 84. Rg7+ Kb8 85. Kb4 Rf6 86. Rg5 Kb7 87. Kc5 Rh6 88. Rg7+ Kb8 89. Rd7 Rg6 90. Rd6 Rxd6 91. Kxd6 1/2-1/2

[Event "Gibraltar Masters 8th"]
[Site "Caleta"]
[Date "2010.01.28"]
[Round "3"]
[White "Camus de Solliers, Guillaume"]
[Black "Bhat, Vinay S"]
[Result "1/2-1/2"]
[WhiteElo "2356"]
[BlackElo "2540"]
[PlyCount "51"]
[EventDate "2010.01.26"]
[EventType "swiss"]
[EventRounds "10"]
[EventCountry "GGB"]
[SourceTitle "CBM 134 Extra"]
[Source "ChessBase"]
[SourceDate "2010.03.03"]
[SourceVersion "1"]
[SourceVersionDate "2010.03.03"]
[SourceQuality "1"]

1. d4 d5 2. c4 c6 3. Nc3 Nf6 4. e3 e6 5. Nf3 a6 6. b3 Bb4 7. Bd2 Nbd7 8. Bd3 0-0 9. 0-0 Bd6 10. Rc1 Re8 11. Qc2 h6 12. Rfe1 c5 13. cxd5 exd5 14. e4 dxe4 15. Nxe4 Nxe4 16. Bxe4 cxd4 17. Bh7+ Kh8 18. Rxe8+ Qxe8 19. Re1 Qd8 20. Bf5 Nf6 21. Nxd4 Bf8 22. Bc3 Bxf5 23. Nxf5 a5 24. Rd1 Qb6 25. Qb2 Qe6 26. Bxf6 1/2-1/2

[Event "Gibraltar Masters 8th"]
[Site "Caleta"]
[Date "2010.01.26"]
[Round "1"]
[White "Camus de Solliers, Guillaume"]
[Black "Bacrot, Etienne"]
[Result "1/2-1/2"]
[WhiteElo "2356"]
[BlackElo "2713"]
[PlyCount "107"]
[EventDate "2010.01.26"]
[EventType "swiss"]
[EventRounds "10"]
[EventCountry "GGB"]
[SourceTitle "CBM 134 Extra"]
[Source "ChessBase"]
[SourceDate "2010.03.03"]
[SourceVersion "1"]
[SourceVersionDate "2010.03.03"]
[SourceQuality "1"]

1. d4 Nf6 2. c4 d6 3. Nf3 g6 4. g3 Bg7 5. Bg2 0-0 6. 0-0 Nc6 7. Nc3 a6 8. Qd3 Bf5 9. e4 Bg4 10. Ne1 e5 11. d5 Ne7 12. h3 Bd7 13. Qe2 Nh5 14. Nd3 f5 15. exf5 Nxf5 16. Ne4 Nf6 17. Bg5 h6 18. Bxf6 Bxf6 19. Qd2 g5 20. c5 Nd4 21. cxd6 cxd6 22. h4 gxh4 23. Qxh6 Bf5 24. g4 Bg7 25. Qh5 Bh7 26. g5 Qe8 27. Qg4 Qc8 28. Qh5 Qe8 29. Qg4 Qg6 30. f4 Nc2 31. f5 Rxf5 32. Rxf5 Qxf5 33. Qxf5 Bxf5 34. Rf1 Bg6 35. Rc1 Ne3 36. Ndf2 Nxd5 37. Nxd6 Nf4 38. Bxb7 Ra7 39. Rc8+ Kh7 40. Ng4 Nh3+ 41. Kh2 Nxg5 42. Rc7 Ne6 43. Re7 Nc5 44. Nxe5 Nxb7 45. Nxg6 Kxg6 46. Rxb7 Rxb7 47. Nxb7 Bxb2 48. Nc5 a5 49. Nb3 a4 50. Nc5 a3 51. Ne4 Kf5 52. Nd2 Kg4 53. Nc4 h3 54. Nxa3 1/2-1/2

[Event "FRA-chT1B 0809"]
[Site "France"]
[Date "2009.04.05"]
[Round "11.3"]
[White "Camus de Solliers, Guillaume"]
[Black "Laurent, Julien G"]
[Result "1-0"]
[WhiteElo "2331"]
[BlackElo "2337"]
[PlyCount "77"]
[EventDate "2008.10.19"]
[EventType "team-tourn"]
[EventRounds "11"]
[EventCountry "FRA"]
[SourceTitle "EXT 2010"]
[Source "ChessBase"]
[SourceDate "2010.11.25"]
[SourceVersion "1"]
[SourceVersionDate "2010.11.25"]
[SourceQuality "1"]
[WhiteTeam "Rueil Malmaison"]
[BlackTeam "Echiquier Berry Sologne"]
[WhiteTeamCountry "FRA"]
[BlackTeamCountry "FRA"]

1. d4 Nf6 2. c4 e6 3. Nf3 c5 4. d5 d6 5. Nc3 exd5 6. cxd5 g6 7. g3 Bg7 8. Bg2 0-0 9. 0-0 a6 10. a4 Nbd7 11. Nd2 Re8 12. h3 Rb8 13. Nc4 Ne5 14. Na3 Nh5 15. e4 Rf8 16. Kh2 f5 17. f4 b5 18. axb5 axb5 19. Naxb5 fxe4 20. Bxe4 Qd7 21. Bg2 Rxb5 22. fxe5 Rxf1 23. Qxf1 Rb8 24. e6 Qe8 25. Ra7 Be5 26. Qf7+ Qxf7 27. exf7+ Kf8 28. Bh6+ Ng7 29. Ne4 Bb7 30. Ng5 Bxb2 31. Bf1 Bf6 32. Ne6+ Kxf7 33. Bxg7 Bxg7 34. Rxb7+ Rxb7 35. Nd8+ Ke7 36. Nxb7 Bc3 37. Bb5 Bb4 38. Kg2 c4 39. Bxc4 1-0

[Event "FRA-chT1B 0809"]
[Site "France"]
[Date "2009.02.07"]
[Round "6.4"]
[White "Camus de Solliers, Guillaume"]
[Black "Saada, Julien"]
[Result "1/2-1/2"]
[WhiteElo "2331"]
[BlackElo "2267"]
[PlyCount "43"]
[EventDate "2008.10.19"]
[EventType "team-tourn"]
[EventRounds "11"]
[EventCountry "FRA"]
[SourceTitle "EXT 2010"]
[Source "ChessBase"]
[SourceDate "2010.11.25"]
[SourceVersion "1"]
[SourceVersionDate "2010.11.25"]
[SourceQuality "1"]
[WhiteTeam "Rueil Malmaison"]
[BlackTeam "Migne Auxances"]
[WhiteTeamCountry "FRA"]
[BlackTeamCountry "FRA"]

1. d4 d5 2. c4 e6 3. Nc3 Nf6 4. Nf3 c6 5. e3 Nbd7 6. Bd3 Bd6 7. e4 dxe4 8. Nxe4 Nxe4 9. Bxe4 e5 10. 0-0 exd4 11. Qxd4 Qf6 12. Bg5 Qxd4 13. Nxd4 Nc5 14. Bf5 0-0 15. Rad1 Re8 16. b4 Ne4 17. Bxe4 Rxe4 18. Nxc6 Bf8 19. Na5 b6 20. Nc6 f6 21. Be3 Rxc4 22. Rc1 1/2-1/2

[Event "FRA-ch Accession"]
[Site "Pau"]
[Date "2008.08.16"]
[Round "5"]
[White "Bissieres, Mathieu"]
[Black "Camus de Solliers, Guillaume"]
[Result "1/2-1/2"]
[WhiteElo "2275"]
[BlackElo "2319"]
[PlyCount "44"]
[EventDate "2008.08.11"]
[EventType "swiss"]
[EventRounds "9"]
[EventCountry "FRA"]
[SourceTitle "CBM 126 Extra"]
[Source "ChessBase"]
[SourceDate "2008.11.05"]
[SourceVersion "1"]
[SourceVersionDate "2008.11.05"]
[SourceQuality "1"]

1. e4 c5 2. Nf3 e6 3. d4 cxd4 4. Nxd4 Nc6 5. Nc3 Qc7 6. Be2 a6 7. Be3 Nf6 8. a3 Nxd4 9. Qxd4 Bd6 10. Rd1 Be5 11. Qd3 b5 12. Bd4 Bb7 13. Bxe5 Qxe5 14. 0-0 Bxe4 15. Qe3 Qf5 16. g4 Qg6 17. Nxe4 Qxe4 18. Qxe4 Nxe4 19. Bf3 d5 20. Bxe4 dxe4 21. Rfe1 Rc8 22. c3 Ke7 1/2-1/2

[Event "Paris Apsap op 103rd"]
[Site "Paris"]
[Date "2008.08.11"]
[Round "6"]
[White "Camus de Solliers, Guillaume"]
[Black "Guliyev, Namig"]
[Result "1/2-1/2"]
[WhiteElo "2319"]
[BlackElo "2510"]
[PlyCount "71"]
[EventDate "2008.08.06"]
[EventType "swiss"]
[EventRounds "9"]
[EventCountry "FRA"]
[SourceTitle "EXT 2010"]
[Source "ChessBase"]
[SourceDate "2010.11.25"]
[SourceVersion "1"]
[SourceVersionDate "2010.11.25"]
[SourceQuality "1"]

1. d4 d5 2. e3 Nf6 3. Bd3 Nbd7 4. f4 g6 5. Nf3 Bg7 6. 0-0 b6 7. Nbd2 Bb7 8. c3 0-0 9. Ne5 Ne4 10. a4 a6 11. Qb3 Nd6 12. a5 b5 13. Nxd7 Qxd7 14. Qc2 e6 15. Nb3 Bc6 16. Nc5 Qc8 17. Be2 Rd8 18. b3 Nb7 19. Nxb7 Bxb7 20. Ba3 Bf8 21. Bxf8 Rxf8 22. b4 Qd7 23. h4 f6 24. h5 gxh5 25. Rf3 Rae8 26. Rg3+ Kh8 27. Bxh5 Re7 28. Kf2 e5 29. Rh1 exf4 30. exf4 Qd6 31. Rh4 Bc8 32. Bg6 f5 33. Bh5 Bd7 34. Rgh3 Be6 35. Qd2 Rg8 36. Bf3 1/2-1/2

[Event "Paris-ch int"]
[Site "Paris"]
[Date "2007.07.09"]
[Round "3"]
[White "Shirazi, Kamran"]
[Black "Camus de Solliers, Guillaume"]
[Result "1/2-1/2"]
[WhiteElo "2401"]
[BlackElo "2314"]
[PlyCount "102"]
[EventDate "2007.07.07"]
[EventType "swiss"]
[EventRounds "9"]
[EventCountry "FRA"]
[SourceTitle "CBM 119 Extra"]
[Source "ChessBase"]
[SourceDate "2007.09.04"]
[SourceVersion "1"]
[SourceVersionDate "2007.09.04"]
[SourceQuality "1"]

1. e4 e6 2. d4 d5 3. Nd2 Nf6 4. Bd3 dxe4 5. Nxe4 Nbd7 6. Nf3 h6 7. Nxf6+ Qxf6 8. Qe2 Bd6 9. Be3 0-0 10. g4 e5 11. g5 hxg5 12. Nxg5 g6 13. Rg1 exd4 14. Nxf7 dxe3 15. Rxg6+ Kxf7 16. Rxf6+ Nxf6 17. 0-0-0 Re8 18. Bc4+ Be6 19. fxe3 Bxc4 20. Qxc4+ Re6 21. Qb5 b6 22. Qa6 Rd8 23. Qxa7 Rxe3 24. c3 Re2 25. Rxd6 Rxd6 26. Qxc7+ Rd7 27. Qxb6 Rdd2 28. a4 Ne4 29. Qb3+ Kf6 30. Kb1 Nf2 31. Qb6+ Kf5 32. Ka2 Nd3 33. Qb5+ Kf4 34. Ka3 Nxb2 35. a5 Nd3 36. Qc4+ Re4 37. Qd5 Ke3 38. Qg5+ Ke2 39. a6 Nc1 40. Qg2+ Kd3 41. Qf1+ Kc2 42. a7 Kb1 43. Qxc1+ Kxc1 44. a8Q Ree2 45. Qh1+ Kc2 46. Qf3 Rxh2 47. Kb4 Kb2 48. c4 Rc2 49. Qg3 Rhe2 50. Qf3 Re8 51. Qf4 Rc8 1/2-1/2

[Event "Paris-ch"]
[Site "Paris"]
[Date "2006.07.12"]
[Round "2"]
[White "Bellaiche, Antony"]
[Black "Camus de Solliers, Guillaume"]
[Result "1-0"]
[WhiteElo "2482"]
[BlackElo "2307"]
[PlyCount "139"]
[EventDate "2006.07.08"]
[EventType "swiss"]
[EventRounds "9"]
[EventCountry "FRA"]
[SourceTitle "EXT 2007"]
[Source "ChessBase"]
[SourceDate "2006.11.23"]
[SourceVersion "1"]
[SourceVersionDate "2006.11.23"]
[SourceQuality "1"]

1. d4 Nf6 2. c4 e6 3. Nf3 b6 4. a3 Ba6 5. Qc2 Bb7 6. Nc3 c5 7. e4 cxd4 8. Nxd4 Bc5 9. Nb3 Nc6 10. Bg5 h6 11. Bh4 Nd4 12. Nxd4 Bxd4 13. Bd3 Qb8 14. Bg3 Be5 15. 0-0 Bxg3 16. hxg3 Qe5 17. Rfe1 Ng4 18. Be2 h5 19. Rad1 Nf6 20. Nb5 Bxe4 21. Qd2 0-0 22. Nd6 Qc5 23. b4 Qc6 24. Qe3 Rad8 25. Nxe4 Qxe4 26. Qxe4 Nxe4 27. Bxh5 Nf6 28. Be2 d5 29. cxd5 Nxd5 30. Ba6 Nc7 31. Bb7 Nb5 32. Ra1 Rd2 33. a4 Nd6 34. Ba6 Nf5 35. Rec1 Rfd8 36. Rc7 R8d7 37. Rac1 Kf8 38. Bb5 Rxc7 39. Rxc7 Rd4 40. Rxa7 Rxb4 41. Rb7 Nd4 42. Rxb6 Nxb5 43. axb5 Rb1+ 44. Kh2 g5 45. g4 Rb2 46. Kg3 Rb3+ 47. f3 Rb2 48. Rb7 f5 49. gxf5 exf5 50. b6 Kg8 51. Rb8+ Kg7 52. b7 Kh7 53. Kh2 Rb1 54. g3 Kg7 55. Kg2 Rb2+ 56. Kf1 Kh7 57. Ke1 Kg7 58. Kd1 Kh7 59. Kc1 Rb6 60. Kc2 Kg7 61. Kc3 Rb1 62. Kd4 Rb5 63. Kc4 Rb1 64. Kd5 Rb2 65. Ke6 f4 66. g4 Rb6+ 67. Ke5 Rb3 68. Kd6 Rb2 69. Re8 Rd2+ 70. Kc5 1-0

[Event "Paris-ch"]
[Site "Paris"]
[Date "2006.07.12"]
[Round "5"]
[White "Camus de Solliers, Guillaume"]
[Black "Spielmann, Alain"]
[Result "0-1"]
[WhiteElo "2307"]
[BlackElo "2231"]
[PlyCount "54"]
[EventDate "2006.07.08"]
[EventType "swiss"]
[EventRounds "9"]
[EventCountry "FRA"]
[SourceTitle "EXT 2007"]
[Source "ChessBase"]
[SourceDate "2006.11.23"]
[SourceVersion "1"]
[SourceVersionDate "2006.11.23"]
[SourceQuality "1"]

1. d4 e6 2. c4 f5 3. Nc3 Nf6 4. Qc2 Bb4 5. e3 b6 6. Bd3 Bb7 7. f3 0-0 8. Nge2 Qe8 9. a3 Be7 10. 0-0 a5 11. Bd2 Na6 12. Rae1 Qh5 13. Nf4 Qh4 14. g3 Qh6 15. e4 g5 16. Ng2 f4 17. gxf4 Nh5 18. fxg5 Bxg5 19. Bxg5 Qxg5 20. Kh1 Kh8 21. Qf2 Rf7 22. f4 Qf6 23. Be2 Qg6 24. Qh4 Nf6 25. Bf3 Rg8 26. Rg1 Rfg7 27. Ne3 Qxg1+ 0-1

[Event "Paris-ch"]
[Site "Paris"]
[Date "2006.07.12"]
[Round "6"]
[White "Morabbi, Armin"]
[Black "Camus de Solliers, Guillaume"]
[Result "0-1"]
[WhiteElo "2137"]
[BlackElo "2307"]
[PlyCount "84"]
[EventDate "2006.07.08"]
[EventType "swiss"]
[EventRounds "9"]
[EventCountry "FRA"]
[SourceTitle "EXT 2007"]
[Source "ChessBase"]
[SourceDate "2006.11.23"]
[SourceVersion "1"]
[SourceVersionDate "2006.11.23"]
[SourceQuality "1"]

1. e4 e6 2. d4 d5 3. Nc3 Bb4 4. e5 c5 5. a3 Bxc3+ 6. bxc3 Ne7 7. Qg4 0-0 8. Nf3 Qa5 9. Bd2 Nbc6 10. Bd3 f5 11. Qh5 Bd7 12. Ng5 h6 13. Nh3 Be8 14. Qf3 Qa4 15. Qg3 Ng6 16. Nf4 Nxf4 17. Bxf4 Kh7 18. Rb1 cxd4 19. Rxb7 Rf7 20. Rxf7 Bxf7 21. 0-0 dxc3 22. Rb1 Rb8 23. Rxb8 Nxb8 24. h4 Nc6 25. Be3 Qxa3 26. Qh3 Nb4 27. Bxf5+ exf5 28. h5 Qa6 29. Qxf5+ Kg8 30. Bc5 Na2 31. Bd6 Qb7 32. e6 Bxe6 33. Qxe6+ Qf7 34. Qc8+ Kh7 35. g4 Nc1 36. Kf1 Qf3 37. Qf5+ Qxf5 38. gxf5 d4 39. Ba3 d3 40. cxd3 Nb3 41. d4 Nxd4 42. Ke1 Nc2+ 0-1